00592nam a22002057a 450000500170000001000130001702000210003003500130005103700160006404000120008008200160009210000220010824501110013026000420024127000120028330000200029550000200031565000170033565000340035220170124110037.0 aA-258265 c00.00a034035027 aA-258265 bCen Lib/Ret aDPLbEN a940.45bVAN aVan Der Vat, Dan  aThe ship that changed the world :cby Dan Van Der Vat bthe escape of the goeben to the dardless in 1914 / aLondon bHodder and Stroughton c1985 bLondon  a252p.c21cm(Hb) aIncludes index  aGoeben, ship aWorl war, xNiralay1914-1918